000 00588nam a2200205Ia 4500
003 OSt
005 20230417171309.0
008 210423s2011 xx 000 0 und d
040 _cAL
041 _aeng
082 _a821.914
_223
_bMONF
100 _aMONTEIRO (Savney Billford);RODRIGUES (Neha Jasmine)
_989584
245 _aFrom the eyes of the beholder to the writing of creation
260 _aMangalore
_bAssisi Printers
_c2011
300 _a62
_bPB
365 _b50
_cINR
650 _aEnglish Poetry
_989585
906 _abeholder ; creation ; eyes ; writing
942 _2ddc
_cBK
999 _c170009
_d170009